000 01096nac a22002891i 4500
003 EG-ScBUE
005 20250617103711.0
008 250617b |||||||| |||| 00| 0 eng d
020 _a1563969076
040 _aEG-ScBUE
_beng
_erda
_cEG-ScBUE
_dEG-ScBUE
082 0 4 _a538.707204
_bEXP
_222
245 0 0 _aExperimental nuclear physics in Europe :
_bENPE 99, facing the next millennium : Sevilla, Spain, June 1999 /
_ceditors, Berta Rubio, Manuel Lozano, William Gelletly.
246 3 0 _aENPE 99, facing the next millennium
264 1 _aMelville, N.Y. :
_bAmerican Institute of Physics,
_c[1999]
264 4 _cc1999
300 _axxiii, 534 pages :
_billustrations ;
_c25 cm
336 _2rdacontent
_atext
_btxt
337 _aunmediated
_2rdamedia
_bn
338 _avolume
_bnc
_2rdacarrier
504 _aIncludes bibliographical references and index.
650 7 _aNuclear physics
_xResearch
_zEurope
_vCongresses.
_2BUEsh
655 _vReading book
700 1 _aRubio, Berta,
_eeditor.
700 1 _aLozano, M.
_q(Manuel),
_d1949-
_eeditor.
700 1 _aGelletly, W.,
_eeditor.
942 _cBB
_2ddc
999 _c1384
_d1384